<?xml version='1.0' encoding='UTF-8'?>
  <record xmlns="http://www.loc.gov/MARC21/slim">
    <leader>00000cam a22000007i 4500</leader>
    <controlfield tag="001">on1425136738</controlfield>
    <controlfield tag="003">OCoLC</controlfield>
    <controlfield tag="005">20250421151033.7</controlfield>
    <controlfield tag="008">240306s1533    gw ac         000 0 lat d</controlfield>
    <datafield tag="040" ind1=" " ind2=" ">
      <subfield code="a">QGJ</subfield>
      <subfield code="b">eng</subfield>
      <subfield code="e">rda</subfield>
      <subfield code="e">dcrmr</subfield>
      <subfield code="c">QGJ</subfield>
      <subfield code="d">QGJ</subfield>
      <subfield code="d">OCLCO</subfield>
      <subfield code="d">QGJ</subfield>
      <subfield code="d">OCLCO</subfield>
      <subfield code="d">OCLCA</subfield>
    </datafield>
    <datafield tag="035" ind1=" " ind2=" ">
      <subfield code="a">(OCoLC)1425136738</subfield>
    </datafield>
    <datafield tag="041" ind1="0" ind2=" ">
      <subfield code="a">lat</subfield>
      <subfield code="a">heb</subfield>
    </datafield>
    <datafield tag="100" ind1="1" ind2=" ">
      <subfield code="a">Agrippa von Nettesheim, Heinrich Cornelius,</subfield>
      <subfield code="d">1486-1535,</subfield>
      <subfield code="e">author.</subfield>
      <subfield code="4">aut</subfield>
      <subfield code="1">https://id.oclc.org/worldcat/entity/E39PBJwX7rbyPy6dtGXmHjCxXd</subfield>
    </datafield>
    <datafield tag="245" ind1="1" ind2="0">
      <subfield code="a">Henrici Cornelij Agrippae ab Nettesheym à consiliis et archiuis Inditiatii sacrae Caesareae Maiestatis: De occulta philosophia Libri Tres. /</subfield>
      <subfield code="c">Henricus Cornelius Agrippa.</subfield>
    </datafield>
    <datafield tag="246" ind1="3" ind2=" ">
      <subfield code="a">Henrici Cornelii Agrippae ab Nettesheym à consiliis et archivis Inditiatii sacrae Caesareae Maiestatis: De occvlta philosophia Libri Tres</subfield>
    </datafield>
    <datafield tag="246" ind1="3" ind2="0">
      <subfield code="a">De occulta philosophia</subfield>
    </datafield>
    <datafield tag="246" ind1="3" ind2="0">
      <subfield code="a">De occvlta philosophia</subfield>
    </datafield>
    <datafield tag="264" ind1=" " ind2="1">
      <subfield code="a">[Cologne] :</subfield>
      <subfield code="b">[Johann Soter],</subfield>
      <subfield code="c">Anno M.D.XXXIII. [1533] Mense Iulio.</subfield>
    </datafield>
    <datafield tag="300" ind1=" " ind2=" ">
      <subfield code="a">[12], CCCLXII pages :</subfield>
      <subfield code="b">illustrations, portrait ;</subfield>
      <subfield code="c">30 cm (folio)</subfield>
    </datafield>
    <datafield tag="336" ind1=" " ind2=" ">
      <subfield code="a">text</subfield>
      <subfield code="b">txt</subfield>
      <subfield code="2">rdacontent</subfield>
    </datafield>
    <datafield tag="337" ind1=" " ind2=" ">
      <subfield code="a">unmediated</subfield>
      <subfield code="b">n</subfield>
      <subfield code="2">rdamedia</subfield>
    </datafield>
    <datafield tag="338" ind1=" " ind2=" ">
      <subfield code="a">volume</subfield>
      <subfield code="b">nc</subfield>
      <subfield code="2">rdacarrier</subfield>
    </datafield>
    <datafield tag="340" ind1=" " ind2=" ">
      <subfield code="m">folio</subfield>
      <subfield code="2">rdabf</subfield>
    </datafield>
    <datafield tag="500" ind1=" " ind2=" ">
      <subfield code="a">Portrait of Cornelius Agrippa on title page.</subfield>
    </datafield>
    <datafield tag="500" ind1=" " ind2=" ">
      <subfield code="a">Place of publication and printer taken from VD 16. Publication year taken from colophon.</subfield>
    </datafield>
    <datafield tag="500" ind1=" " ind2=" ">
      <subfield code="a">Includes some Hebrew text, tables with Hebrew letters, and illustrations of angelic scripts, Theban alphabet, and several other magical alphabets.</subfield>
    </datafield>
    <datafield tag="500" ind1=" " ind2=" ">
      <subfield code="a">Book 1 was first printed by itself in Antwerp by Johannes Grapheus in 1531, and simultaneously in Paris by Chrestien Wechel. The three books were first printed in 1533 by Johannes Soter in Cologne. There are 4 or five issues of this date, distinguished by typographical differences.</subfield>
    </datafield>
    <datafield tag="500" ind1=" " ind2=" ">
      <subfield code="a">Signatures: aa⁶ a-q⁶ r⁸ s-z⁶ A-G⁶ (G6 is blank).</subfield>
    </datafield>
    <datafield tag="500" ind1=" " ind2=" ">
      <subfield code="a">With woodcut illustrated initials and printed marginal notes.</subfield>
    </datafield>
    <datafield tag="500" ind1=" " ind2=" ">
      <subfield code="a">Also on title page: "Cum gratia &amp; priuilegio Caesareae Maiestatis ad trienniun."</subfield>
    </datafield>
    <datafield tag="510" ind1="4" ind2=" ">
      <subfield code="a">Verzeichnis der im deutschen Sprachbereich erschienenen Drucke des 16. Jahrhunderts (VD 16),</subfield>
      <subfield code="c">ZV 269</subfield>
      <subfield code="u">https://gateway-bayern.de/VD16+A+1182</subfield>
    </datafield>
    <datafield tag="510" ind1="4" ind2=" ">
      <subfield code="a">Osler, W. Bibliotheca Osleriana,</subfield>
      <subfield code="c">1746</subfield>
    </datafield>
    <datafield tag="510" ind1="4" ind2=" ">
      <subfield code="a">Caillet, A.L. Manuel bibliographique des sciences psychiques ou occultes,</subfield>
      <subfield code="c">93</subfield>
    </datafield>
    <datafield tag="510" ind1="4" ind2=" ">
      <subfield code="a">Young, J. Bibliotheca chemica,</subfield>
      <subfield code="c">I, p. 12</subfield>
    </datafield>
    <datafield tag="520" ind1=" " ind2=" ">
      <subfield code="a">"The three books deal with elemental, celestial and intellectual magic. The books outline the four elements, astrology, Kabbalah, numerology, angels, names of God, the virtues and relationships with each other as well as methods of utilizing these relationships and laws in medicine, scrying, alchemy, ceremonial magic, origins of what are from the Hebrew, Greek and Chaldean context."--</subfield>
      <subfield code="c">English Wikipedia</subfield>
    </datafield>
    <datafield tag="650" ind1=" " ind2="0">
      <subfield code="a">Magic</subfield>
      <subfield code="v">Early works to 1800.</subfield>
    </datafield>
    <datafield tag="650" ind1=" " ind2="0">
      <subfield code="a">Occultism</subfield>
      <subfield code="v">Early works to 1900.</subfield>
    </datafield>
    <datafield tag="650" ind1=" " ind2="6">
      <subfield code="a">Occultisme</subfield>
      <subfield code="v">Ouvrages avant 1900.</subfield>
    </datafield>
    <datafield tag="700" ind1="1" ind2=" ">
      <subfield code="a">Soter, Johannes,</subfield>
      <subfield code="d">-approximately 1543,</subfield>
      <subfield code="e">printer.</subfield>
      <subfield code="4">prt</subfield>
      <subfield code="1">https://id.oclc.org/worldcat/entity/E39PBJvMvPxG6XT7x9pDHCBMfq</subfield>
    </datafield>
    <datafield tag="700" ind1="1" ind2=" ">
      <subfield code="a">Trithemius, Johannes,</subfield>
      <subfield code="d">1462-1516,</subfield>
      <subfield code="e">dedicatee,</subfield>
      <subfield code="e">dedicator.</subfield>
      <subfield code="4">dte</subfield>
      <subfield code="4">dto</subfield>
    </datafield>
    <datafield tag="700" ind1="1" ind2=" ">
      <subfield code="a">Wied, Hermann von,</subfield>
      <subfield code="d">1477-1552,</subfield>
      <subfield code="e">dedicatee.</subfield>
      <subfield code="4">dte</subfield>
      <subfield code="1">https://id.oclc.org/worldcat/entity/E39PBJpJhKyk8pqpqBqwh7RR8C</subfield>
    </datafield>
    <datafield tag="700" ind1="0" ind2=" ">
      <subfield code="a">Charles</subfield>
      <subfield code="b">V,</subfield>
      <subfield code="c">Holy Roman Emperor,</subfield>
      <subfield code="d">1500-1558,</subfield>
      <subfield code="e">censor.</subfield>
      <subfield code="4">cns</subfield>
      <subfield code="1">https://id.oclc.org/worldcat/entity/E39PBJrrtb7QxXCFgdVBT4dmh3</subfield>
    </datafield>
    <datafield tag="700" ind1="1" ind2=" ">
      <subfield code="a">Zoete, L. de,</subfield>
      <subfield code="e">licensor.</subfield>
      <subfield code="4">lso</subfield>
    </datafield>
    <datafield tag="752" ind1=" " ind2=" ">
      <subfield code="a">Germany</subfield>
      <subfield code="d">Cologne,</subfield>
      <subfield code="e">publication place.</subfield>
      <subfield code="4">pup</subfield>
    </datafield>
  </record>